000 01191njm a22002897a 4500
005 20100913100347.0
007 sd ammalaaahaa
008 100913t xxu||||| |||| 00| 0 hin d
028 _aBOE. 2429
_bODEON
035 _aGR-02377
040 _aSED/VEN
100 _aMangeshkar, Lata
_919606
245 _aPakeezah /
_cby Lata Mangeshkar & Mohd. Rafi ; music by Ghulam Mohammed ; lyric by Kaif Azmi
_h[sound recording] :
246 _aपाकीज़ा (लता मंगेशकर और मोहमद. रफ़ी)
260 _aDum Dum, India
_bODEON
_c1972
300 _a1 sound disc [Gramophone record] :
_banalog, 45 rpm
_c7 in.
_fGramophone record
500 _aBrief record.
500 _aODEON
500 _aBlack
505 _aPart 1 Chalte chalte ( Lata Mangeshkar) चलते चलते, Part 2 Chalo dildar chalo (Lata Mangeshkar & Mohd. Rafi) चलो दिलदार चलो
_r
650 _aClassical Music
_xExcerpts
_zIndia
_919607
700 _aMohd. Rafi
_91184
700 _aGhulam Mohammed
_919797
700 _aKaif Azmi
_919798
942 _2ddc
_cGR
999 _c45553
_d45553